[Event "Ashkhabad-A"]
[Site "Ashkhabad"]
[Date "1996.??.??"]
[Round "7"]
[White "Saltaev, Mihail"]
[Black "Kakageldyev, Amanmurad"]
[Result "0-1"]
[WhiteElo "2530"]
[BlackElo "2475"]
[Annotator "Stohl,I"]
[PlyCount "72"]
[EventDate "1996.??.??"]
[EventType "tourn"]
[EventRounds "13"]
[EventCountry "TKM"]
[EventCategory "9"]
[SourceTitle "CBM 053"]
[Source "ChessBase"]
[SourceDate "1996.08.01"]
[SourceVersion "1"]
[SourceVersionDate "1996.08.01"]
[SourceQuality "1"]

1. e4 {Belov} g6 2. d4 Bg7 3. Nc3 d6 4. f4 Nf6 5. Nf3 O-O 6. Be3 Na6 $5 (6...
b6 7. e5 Ng4 8. Bg1 c5 9. h3 Nh6 10. d5 Bb7 11. Qd2 Nf5 12. Bh2 dxe5 13. fxe5
e6 $1 14. O-O-O exd5 15. Nxd5 Nc6 16. c3 Ncd4 $1 17. Nf6+ Bxf6 18. cxd4 Bg7 19.
d5 c4 20. Be2 Rc8 21. Kb1 Bh6 22. Bf4 Bxf4 23. Qxf4 Bxd5 24. h4 c3 25. bxc3
Rxc3 26. h5 Ne3 27. Ng5 Qc7 28. Nxh7 Rb3+ $1 {0-1,Beliavsky,A-Anand,V/Munich/
1991/}) 7. Qe2 $146 (7. e5 $5 Ng4 8. Bg1 c5 9. h3 cxd4 10. Qxd4 Nh6 11. g4 Bd7
12. Bc4 Bc6 13. Bd5 dxe5 14. fxe5 Bxd5 15. Nxd5 Nc7 16. O-O-O Nxd5 17. Qxd5 Qc7
18. Qc5 Rfc8 19. Qxc7 Rxc7 20. Bh2 e6 21. Rd2 Bf8 22. Rhd1 Be7 23. Rd7 Rac8 24.
c3 Kf8 25. Bf4 $16 {[%csl Rh6] פ,Shmuter,L-Bykhovsky,Av/Rishon le Zion YM/
1995/}) (7. Qd2 $5 c5 8. dxc5 Nxc5 9. e5 Nfe4 10. Nxe4 Nxe4 11. Qb4 {Dvoirys,
S-Laketic,G/Cheliabinsk/1991/1:0/22/} Nc5 (11... d5 $13 {Belov and Stohl}) 12.
O-O-O Qc7 13. exd6 exd6 14. Bd4 Bh6 $6 15. Bf6 Bf5 16. Nh4 $36 {Dvoirys,
S-Laketic,G/Cheljabinsk/1992/}) 7... c5 8. O-O-O $6 {Not a very good idea, as
in this type of position (Sicilian Dragon) Black's attacking chances are more
realistic.} (8. dxc5 Nxc5 9. e5 Nfe4 10. Nxe4 Nxe4 11. Bd4 d5 12. Qe3 $13) 8...
cxd4 9. Bxd4 Qa5 10. Kb1 (10. e5 $5 dxe5 11. Qxe5 $10) 10... Be6 11. Qb5 (11.
e5 Nd5 12. Nxd5 Bxd5 13. c4 Bxf3 14. gxf3 Nb4 15. a3 Nc6 $36) 11... Qc7 (11...
Qxb5 {Belov} 12. Bxb5 Nb4 $10) 12. e5 {This advance is a logical follow-up of
White's previous moves, but doesn't promise White much.} (12. Be2 {Belov} Nc5
13. e5 Nfe4 14. Nxe4 Nxe4 15. exd6 Nxd6 16. Qb4 Rfc8 $36) 12... dxe5 13. Bxe5 (
13. fxe5 {Belov} Nd7 14. Be2 Nac5 $132) 13... Qc8 14. Be2 (14. Nd4 $5 Bg4 15.
Be2 $132) 14... Nc5 $36 {[%csl Rb1,Rb5] White's opening was no success. His K
is in serious danger on the Q-side, while counterplay in the center or on the
other flank is still nonexistent. Also his Q is misplaced. Black can develop
his initiative by natural moves.} 15. Rhe1 a6 16. Qb4 b5 17. Ng5 (17. Bd4 $142
$5 Ncd7 18. Ng5 $132) 17... Bf5 18. Bd4 Na4 $1 19. Bf3 (19. Qxe7 Nd5 $1 20.
Nxd5 Qxc2+ 21. Ka1 Bxd4 $19) (19. Nxa4 Bxc2+ 20. Ka1 Bxd1 21. Nb6 Qb7 22. Bxd1
Rad8 23. Bf3 Qb8 24. Rxe7 Qxf4 $19) 19... Nxc3+ 20. Bxc3 (20. Qxc3 $142 Qxc3 (
20... b4 $1 {Belov} 21. Qxc8 Raxc8 22. Rd2 h6 $17) 21. Bxc3 Rac8 22. Rd2 (22.
Rxe7 $2 b4 $1 23. Bxf6 Bxc2+ $19) 22... Rc4 $5 $36) 20... Ra7 21. h3 (21. Rxe7
$6 a5 $1 22. Qd6 Rxe7 (22... Ra6 $2 23. Qd2 {[%cal Rf3b7] /\Bb7}) 23. Qxe7 h6
$1 (23... b4 $2 24. Bxf6 Bxc2+ 25. Kc1 (25. Ka1 {Belov} Bxd1 $19) 25... Ba4+
26. Kd2 (26. Kb1 Bxd1 27. Bxd1 Qf5+ 28. Ne4 Bxf6 $19) 26... Bxf6 27. Qxf6 Qd7+
28. Ke1 Re8+ 29. Kf2 Bxd1 30. Bxd1 $16) 24. Bxf6 (24. Nxf7 Rxf7 25. Rd8+ Kh7
$19) (24. Ne4 Bxe4 25. Bxe4 Re8 $19) 24... Bxc2+ $40) 21... a5 (21... h6 $1 $15
) 22. Qxb5 h6 23. g4 $6 {White's first attacking move in the game, but it's
not best.} (23. Ne4 $142 $5 Nxe4 24. Bxg7 (24. Bxe4 Bxe4 25. Rxe4 Bxc3 26. bxc3
Rb7 $19) 24... Nf6 (24... Nd6 25. Rxd6 exd6 (25... Qxc2+ {Belov} 26. Ka1 Kxg7
27. Rdd1 $13) 26. Bxf8 $16) 25. Bxf8 Bxc2+ 26. Ka1 Bxd1 27. Rxd1 Kxf8 $10)
23... Bxc2+ (23... Bd7 $2 24. Qb6 Ra6 25. Qb7 $1 hxg5 26. fxg5 $16) 24. Kxc2
hxg5 25. fxg5 Ne8 {White's two B will not be alive for long, after the
exchange of the defensive Bc3 Black will weaken White's defences considerably.}
26. Rd3 Nd6 $44 {[%csl Rc2] עc2} 27. Qd5 (27. Qb6 Rc7 $36) 27... Rc7 28. Qxa5
(28. Ree3 Rc5 29. Qb3 Nb5 $40 {[%cal Rb5d4] /\Nd4}) 28... Nc4 29. Qb4 (29. Qa4
Nxb2 $1 $19) (29. Qb5 {Belov} Bxc3 30. Rxc3 Na3+ 31. bxa3 Rxc3+ $19) 29... Ne5
30. Rde3 Nxf3 31. Rxf3 Qa8 $40 32. Rfe3 (32. Ree3 $5 Rb8 (32... Qxa2 33. Rxe7
$5) 33. Qa3 Ra7 $40) 32... Bxc3 33. Rxc3 Rxc3+ 34. bxc3 (34. Qxc3 $2 Rc8) (34.
Kxc3 Rc8+ 35. Kd2 Qd5+ 36. Ke3 Rc4 $1 37. Qb8+ Kh7 $19) 34... Qxa2+ 35. Kd3 $2
(35. Qb2 $8 Qd5 $17 {[%csl Rc2,Rg4,Rg5,Rh3] ע,P}) (35. Kc1 {Belov} Qa1+ (35...
Rd8 36. Qb2 Qd5 $17) 36. Kd2 Rd8+ 37. Ke2 Qa2+ 38. Kf1 Rd2 39. Qf4 Rh2 $19)
35... Rd8+ 36. Ke3 (36. Ke4 Qg2+ 37. Ke5 (37. Kf4 Qf2+) 37... Qg3+ $19) 36...
Qd2+ (36... Qd5 {Belov}) 0-1

[Event "Tbilisi"]
[Site "Tbilisi"]
[Date "1991.??.??"]
[Round "?"]
[White "Ioseliani, Nana"]
[Black "Zaichik, Gennadi"]
[Result "0-1"]
[WhiteElo "2470"]
[BlackElo "2455"]
[Annotator "Stohl,I"]
[PlyCount "60"]
[EventDate "1991.05.??"]
[EventType "tourn"]
[EventRounds "11"]
[EventCountry "GEO"]
[EventCategory "9"]
[SourceTitle "CBM 024"]
[Source "ChessBase"]
[SourceDate "1991.10.01"]
[SourceVersion "1"]
[SourceVersionDate "1991.10.01"]
[SourceQuality "1"]

1. e4 d6 2. d4 Nf6 3. Nc3 g6 4. f4 Bg7 5. Nf3 O-O 6. Be3 b6 (6... Nc6 7. e5 (7.
Qd2 $5 Bg4 8. e5 dxe5 9. dxe5 Nh5 10. Qf2 f6 11. Bc4+ Kh8 12. exf6 Bxf6 13. O-O
Bxf3 14. Qxf3 Bxc3 15. bxc3 e5 16. Rad1 Qe7 17. Qe2 $1 Ng7 18. fxe5 Qxe5 19.
Bd4 Qxe2 20. Bxe2 $14 {_|_ Salai,L-Ochotnik,V,Mar.Lazne op 1989}) 7... Ng4 8.
Bg1 dxe5 (8... Nh6 9. h3 f6 $2 10. d5 Nb4 11. a3 Na6 12. e6 c6 13. Bxa6 bxa6
14. Nd4 $16 {De_Firmian,N-Azmaiparashvili,Z,Reykjavik op 1990}) 9. dxe5 Qxd1+ (
9... f6 10. h3 Nh6 11. Bc4+ Kh8 12. Qe2 fxe5 13. fxe5 e6 14. Bf2 $1 (14. Bc5
Rxf3 $5 15. gxf3 Nxe5 $146) 14... Rxf3 $6 15. Qxf3 Nxe5 16. Qe2 Nf5 17. Rd1 Qe7
18. Bd3 Bd7 19. Be4 Re8 20. O-O $16 {Shirov,A-Johansen,J,Stockholm 1990-CBM 22}
) 10. Rxd1 f6 11. h3 Nh6 12. Bc4+ Kh8 13. Nb5 $14) 7. e5 Ng4 8. Bg1 c5 (8...
Bb7 $5 9. Bc4 c5 10. e6 f5 11. Bd5 Nc6 12. Qd2 Nf6 13. Bxc6 Bxc6 14. O-O-O Bxf3
15. gxf3 Qc8 16. Qe2 Qb7 17. Be3 Rac8 18. Kb1 a6 $13 {Renet,O-Sznapik,A,
Dortmund-B 1989-CBM 13}) 9. h3 (9. d5 dxe5 10. h3 e4 $1 $132) 9... Nh6 10. dxc5
$2 (10. d5 Bb7 $5 (10... Nf5 11. Bf2 Nd7 12. g4 Nd4 13. Nxd4 cxd4 14. Qxd4 dxe5
15. fxe5 Nxe5 16. Qe3 f5 17. Bg3 Qd6 $132 {Mikhalchishin,A-Kosten,A,Budapest
1989-CBM 15}) (10... Nd7 11. Bh2 Nf5 12. Bb5 Bb7 13. g4 Nd4 $5 14. Nxd4 cxd4
15. Qxd4 Qc7 16. Bxd7 Qxd7 $146 {/\e6,f5, Beliavsky,A-Speelman,J,Reykjavik
WCup 1988-CBM 10}) 11. Qd2 Nf5 12. Bh2 (12. Bf2 $5 {Ftacnik}) 12... dxe5 13.
fxe5 e6 $1 14. O-O-O exd5 15. Nxd5 Nc6 16. c3 Ncd4 $1 17. Nf6+ Bxf6 18. cxd4
Bg7 19. d5 c4 $1 $36 {Beliavsky,A-Anand,V,Munich 1991-CBM 23}) 10... bxc5 11.
Bd3 Nc6 (11... Bb7 12. Be4 Bxe4 13. Nxe4 $13) 12. Be4 Bd7 $5 {|^<->b} (12...
Bb7 13. Qe2 Qb6 $132) 13. g4 (13. exd6 Rb8 $1 $36) (13. Qe2 Nf5 14. Bf2 Rb8 $15
) 13... Rb8 $36 14. Be3 (14. Rb1 dxe5 $17) 14... Rxb2 15. O-O Qc8 $1 16. Qd2
Bxg4 17. hxg4 Nxg4 18. Rab1 (18. exd6 $142 $5 exd6 19. Bxc6 Qxc6 20. Nd5 $132)
18... Rxb1 19. Rxb1 dxe5 20. Bxc5 Rd8 $17 21. Qe2 exf4 22. Nd5 Nf6 23. Nxf6+ (
23. Nxe7+ Nxe7 24. Bxe7 Re8 $17) 23... Bxf6 24. Qg2 Kg7 25. Bd3 $2 Ne5 $19 26.
Bxa7 (26. Nxe5 Qxc5+) (26. Bf2 Nxd3 27. cxd3 Rxd3 $19) 26... Qa8 $1 27. Bb6 (
27. Nxe5 Qxa7+ {/\Be5}) 27... Nxf3+ 28. Kf2 Rxd3 29. cxd3 Qxa2+ 30. Kxf3 Qxb1 {
Stohl,I} 0-1

[Event "Lazne Bohdanec"]
[Site "Lazne Bohdanec"]
[Date "1996.??.??"]
[Round "8"]
[White "Vokac, Marek"]
[Black "Votava, Jan"]
[Result "1-0"]
[WhiteElo "2455"]
[BlackElo "2540"]
[Annotator "Stohl,I"]
[PlyCount "73"]
[EventDate "1996.01.??"]
[EventType "tourn"]
[EventRounds "11"]
[EventCountry "CZE"]
[EventCategory "10"]
[SourceTitle "CBM 051"]
[Source "ChessBase"]
[SourceDate "1996.04.01"]
[SourceVersion "1"]
[SourceVersionDate "1996.04.01"]
[SourceQuality "1"]

1. d4 {Mowsziszian} d6 2. e4 Nf6 3. Nc3 g6 4. f4 Bg7 5. Nf3 O-O 6. e5 Nfd7 (
6... dxe5 $5 {Mowsziszian} 7. dxe5 (7. fxe5) (7. fxe5 Nd5 8. Nxd5 Qxd5 9. c4
Qe4+ 10. Be2 c5 11. d5 Bg4 12. O-O Bxf3 13. Rxf3 Qxe5 $17 {0-1 Ramos,
J-Capaccioli,J/Buenos Aires FMDA (08) ;EXT 90op 1990 (51)}) 7... Qxd1+ 8. Kxd1
Nh5 9. Bc4 Nc6 10. Be3 Bg4 11. Be2 Rad8+ {-/+ Redgard-Schussler,H/BRD 19/(167)
1974}) 7. h4 c5 8. h5 (8. e6 $5 fxe6 9. h5 gxh5 10. Rxh5 Nf6 11. Rh4 cxd4 12.
Nxd4 Nc6 13. Be3 Rf7 14. Nf3 Qa5 15. Bd2 Qc5 16. Na4 Qd5 17. Nc3 Qc5 18. f5 $5
Ne5 19. Ng5 exf5 20. Nxf7 Kxf7 21. Qe2 Ng6 22. Rc4 Qb6 $13 {Bjarnason,
S-Sigurpalsson,R/ISL-ch Reykjavik/1995/}) 8... cxd4 9. Qxd4 (9. hxg6 $6 dxc3
10. gxf7+ Rxf7 11. Bc4 (11. e6 cxb2 12. exf7+ Kf8 13. Bxb2 Bxb2 14. Ng5 Qa5+
15. Kf2 Qc5+ 16. Kf3 Nf6 17. Nxh7+ Nxh7 18. Rxh7 Qf5 19. Bd3 Qg4+ 20. Ke3 Qg3+
21. Kd2 Qxf4+ 22. Ke1 Bc3+ {0-1/Kreutzkamp,H-Engelbert,C/Hamburg-ch/1989/})
11... e6 12. Ng5 Nf8 $5 (12... Nxe5 13. Qh5 h6 14. fxe5 hxg5 15. Qh7+ Kf8 16.
Qh8+ Bxh8 17. Rxh8+ Kg7 18. Rxd8 Nc6 19. Rxd6 Nxe5 20. Be2 Rd7 $15 {Perecz,
L-Nunn,J/Dortmund/1979/}) (12... cxb2 13. Bxb2 Qa5+ 14. Ke2 d5 15. Bd3 Nf8 16.
Nxf7 Kxf7 17. Kf1 Qb4 18. Bc1 h6 19. Rh3 Nc6 20. Rg3 Kg8 21. Qh5 Qe7 22. f5 Qf7
23. Qxf7+ Kxf7 24. f6 Bh8 25. Bxh6 Nxe5 26. Bg7 Nfg6 27. Bxg6+ Nxg6 28. Rxg6
Kxg6 29. Bxh8 $10 {Winiwarter,F-Hager,F/AUT-chT 9495/1995/}) 13. Nxf7 Kxf7 14.
Qh5+ Kg8 15. f5 Qa5 16. fxe6 cxb2+ 17. Ke2 bxc1=N+ 18. Raxc1 Bxe6 19. Bxe6+ Kh8
20. Qf7 Qxe5+ 21. Kd2 Qg5+ 22. Ke2 Qxg2+ 23. Ke3 Nxe6 $19 {Bochinski,
S-Hoffmann,He/2.BLO 9394/1994/}) 9... dxe5 (9... Nc6 10. Qf2 Re8 11. hxg6 hxg6
12. e6 fxe6 13. Bd3 Nf8 14. Qg3 Qa5 15. Bxg6 Rd8 16. Rh5 e5 17. Bd2 Qb4 18. Be4
exf4 19. Qxf4 e6 20. Rb5 e5 21. Qh4 {1-0/Hector,J-Johansen,O/Gausdal Peer-Gynt/
1990/}) 10. Qf2 (10. Qg1 e4 $132) (10. fxe5 $2 {Mowsziszian} Nxe5 11. Qxd8 Rxd8
$17) 10... e6 $5 (10... e4 {Recommended by theory, but if White doesn't go for
a direct vabnque attack with 11.Ng5?!, he keeps some advantage due to his
better pawn structure.} 11. Nxe4 (11. Ng5 Nf6 12. hxg6 hxg6 13. Qh4 Qd4 14.
Ngxe4 Re8 15. Nxf6+ exf6+ 16. Be2 Bf5 17. Qf2 Nc6 18. O-O Bxc2 19. Bf3 f5 20.
Qxd4 Bxd4+ 21. Kh2 Rad8 22. Bd2 Kg7 23. Kg3 Bf6 $19 {Kranzl,P-Hager,F/
OST-chT9394/1994/}) 11... Nf6 12. Nxf6+ exf6 13. hxg6 Re8+ 14. Be3 hxg6 15. Bd3
Qa5+ 16. c3 Bg4 17. O-O Nc6 18. Nd4 f5 19. Nxc6 bxc6 20. Rfe1 Rad8 21. Bc2 Re7
22. Bb3 Rde8 23. Qg3 Bf6 24. Bf2 $14 {Banas,J-Kindermann,S/Trnava/1987}) (10...
Nf6 11. hxg6 fxg6 12. fxe5 Ng4 13. Bc4+ e6 14. Qg3 Nxe5 15. Nxe5 Qd4 16. Nxg6
hxg6 17. Qxg6 Qf2+ 18. Kd1 Rd8+ 19. Bd3 Qf5 20. Qg3 Nc6 21. Bh6 $18 {Hector,
J-Polihroniade,E/Palma GMA-op/1989/}) 11. hxg6 fxg6 $6 $146 {Seemingly logical.
But now the danger for Black's K will be the same as after the better 11...
hxg6, and moreover the e6 and h7 pawns will be vulnerable.} (11... hxg6 12. Ng5
Re8 $5 (12... exf4 13. Qh4 Nf6 14. Bxf4 $40 {[%cal Gh1h8] <->h} e5 15. Bd2 Nbd7
16. O-O-O b6 17. Be2 Bb7 18. Rh2 Rc8 19. Rf1 Qc7 20. g4 e4 21. Bb5 Bc6 22. Bc4
b5 23. Bb3 a5 24. Rhf2 $18 {[%cal Rf2f6] /\Rf6,Weitzer,S-Hoffmann,He/2.BLO
9495/1994/}) 13. Bd3 Qe7 14. Qh4 Nf8 15. fxe5 Nc6 $1 16. Bf4 Nxe5 17. O-O-O Bd7
18. Bxe5 Bxe5 19. Rdf1 f5 20. Nf3 Qxh4 21. Rxh4 Bf6 22. Rb4 Bc6 $17 {Viksni,
I-Fridmans,D/Riga/1994/}) 12. Qg3 exf4 (12... Nc6 13. Qh3 $16 Nf6 {Mowsziszian}
14. fxe5 Nh5 15. g4 $14) 13. Bxf4 $44 Rxf4 (13... Nc6 {Mowsziszian: !?} 14.
O-O-O $36 {Stohl}) (13... Bxc3+ 14. bxc3 Qf6 15. Bd2 $16 {[%csl Rg7,Rg8,Rh6]
><g7,h6,Kg8}) 14. Qxf4 Nf8 (14... Nc6 15. Ng5 $18) 15. Bd3 Nc6 (15... Bxc3+ 16.
bxc3 Qa5 17. Ne5 $18) 16. O-O-O Qf6 {Even being an exchange down, Black must
force the Q off, as White still retains good attacking chances.} (16... Qe7 17.
Ne4 $36) (16... Bxc3 {Mowsziszian} 17. bxc3 Qa5 18. Ng5 Qa3+ 19. Kb1 Qe7 20.
Rdf1 $40) 17. Qxf6 Bxf6 18. Ne4 $16 {_|_} Be7 19. c3 (19. g4 $5 {[%csl Rh7]
[%cal Yg4g5] /\g5,><h7}) 19... Kg7 20. b4 a6 (20... Bd7 21. b5 Na5 22. Ne5 $18)
21. Rhe1 h6 22. Kb2 Bd7 23. a4 {|^[+],<<} g5 $2 {[%csl Rg6,Rh5] ׻ The
decisive weakening, which eases White's task.} (23... Be8 $142 $16) 24. Ng3 Be8
(24... Re8 25. Nh5+ Kg8 26. b5 {[%cal Rf3e5] /\Ne5+-}) 25. b5 axb5 26. axb5 Nd8
27. Nf5+ $18 Kf6 (27... exf5 28. Rxe7+ Bf7 29. Rd7 $5 $18 {[%cal Rd3f5,Rf3e5] /
\Bf5,Ne5}) 28. Nxe7 Kxe7 29. Nd4 Kf6 30. Re3 Bf7 (30... Nf7 31. Rf1+ Ke7 32.
Nf5+ Kd7 33. Nxh6 $18) 31. Bc4 Kg7 32. Bb3 {[%csl Rb7,Re6] ק} g4 33. g3 Rc8
34. Ka3 h5 35. Kb4 Kg6 36. Ne2 Kg5 $2 {Loses a piece, but Black's position was
hopeless anyway.} (36... b6 37. Rd6 (37. Nf4+ $18 {Mowsziszian ><e6,h5}) 37...
Rb8 38. Red3 $18) (36... Kf6 $8 37. Red3 Ke7 38. c4 b6 39. Rd6 Rb8 40. Nc3 {
[%cal Rc3a4] /\Na4+-}) 37. Red3 {[%csl Rd8] פd8} 1-0

[Event "DEN-ch"]
[Site "Denmark"]
[Date "1996.??.??"]
[Round "4"]
[White "Mortensen, Erling"]
[Black "Andreasen, Per Naesby"]
[Result "1-0"]
[WhiteElo "2430"]
[BlackElo "2325"]
[Annotator "Stohl,I"]
[PlyCount "89"]
[EventDate "1996.??.??"]
[EventType "tourn"]
[EventRounds "9"]
[EventCountry "DEN"]
[EventCategory "9"]
[SourceTitle "CBM 053"]
[Source "ChessBase"]
[SourceDate "1996.08.01"]
[SourceVersion "1"]
[SourceVersionDate "1996.08.01"]
[SourceQuality "1"]

1. e4 {Hecht} g6 2. d4 Bg7 3. Nc3 d6 4. f4 Nc6 5. Be3 Nf6 6. Nf3 O-O 7. Be2 e5
$6 (7... a6 8. e5 (8. d5 $5 Nb8 9. a4 a5 10. O-O c6 11. Nd4 cxd5 12. exd5 Na6
13. h3 Nb4 14. Bc4 Qc7 15. Bb3 b6 16. Re1 Bb7 17. Ndb5 Qd8 18. Qd2 Na6 19. Bd4
Nc5 20. Bc4 Re8 21. Rad1 Qd7 22. Re2 Rad8 23. Rde1 Ba6 24. b3 $16 {[%csl Gd4,
Gd5,Ge4] ()[+],Lanka-Azmaiparashvili/Jurmala-mm/1983/}) 8... Ng4 9. Bg1 b5 10.
h3 Nh6 11. Bf2 Bb7 12. a3 $5 (12. O-O Na5 13. b4 Nc4 14. Bxc4 bxc4 15. Qe2 e6
16. Rad1 Bxf3 17. Qxf3 d5 18. Na4 a5 19. b5 Rb8 20. Rb1 Qe8 21. Qa3 Rxb5 22.
Nc3 Rxb1 23. Rxb1 f6 24. Qxa5 $14 {Balashov,Y-Keene,R/Skara EUchT/1980/}) 12...
Na5 13. O-O Rc8 14. b3 c5 15. dxc5 Bxf3 16. Bxf3 dxe5 17. fxe5 Bxe5 18. Qe1 Bg7
19. Rd1 Qe8 20. Nd5 Nc6 21. Nb6 Rc7 22. Bxc6 Qxc6 23. Nd5 e5 24. Nxc7 Qxc7 25.
Qd2 $18 {Kindermann,S-Mohr,S/Debrecen/1989/}) (7... Ng4 8. Bg1 e5 9. fxe5 dxe5
10. d5 Nb8 11. h3 Nf6 12. Be3 c6 13. O-O cxd5 14. exd5 e4 15. Ne5 Nh5 16. Nxf7
$1 Rxf7 17. Rxf7 Kxf7 18. Nxe4 Qe7 19. Bd3 Bf5 20. Qf3 Nf6 21. Ng5+ Ke8 22. Re1
Bxd3 23. cxd3 Nbd7 24. d6 $40 {Balashov,Y-Cseshkovsky,V/URS-ch44 Moscow/1976/})
(7... Bg4 8. e5 dxe5 9. dxe5 Nd7 10. Ng5 Bxe2 11. Qxe2 h6 12. Nge4 f5 13. Nc5
Nxc5 14. Bxc5 Kh7 15. Rd1 Qc8 16. Nd5 Rd8 17. O-O e6 18. Ne7 Nxe7 19. Bxe7 Rxd1
20. Rxd1 Qe8 21. Bh4 $14 {[%cal Gd1d8] <->d,Mikhalchishin,A-Pirttimaki,T/Lvov
Kotov-mem/1983/}) (7... e6 $142 8. Qd2 (8. O-O Ne7 9. Nd2 (9. Qe1 b6 10. Rd1
Bb7 11. Bd3 c5 12. Qh4 c4 $1 13. Bxc4 Bxe4 14. Nxe4 Nxe4 15. Bd3 Nf5 16. Qxd8
Raxd8 17. Bc1 d5 18. c3 Nfd6 19. Rde1 b5 20. a3 Rc8 21. Nd2 f5 22. Nxe4 fxe4
23. Be2 a5 24. Bd2 Rc6 $17 {Brueckner,T-Mohr,S/BL 9293/1992/}) 9... b6 10. Bf3
c5 11. Nb3 cxd4 12. Nxd4 Bb7 13. Qd2 a6 14. a4 Qc7 15. Rfd1 Rfd8 16. Qf2 Nd7
17. f5 exf5 18. exf5 Bxf3 19. fxg6 hxg6 20. Nxf3 Bxc3 21. bxc3 Nf5 22. Bd4 Nc5
23. Re1 Re8 24. Ng5 d5 $10 {Dam,R-Nijboer,F/Amsterdam OHRA II/1990/}) (8. h3 b6
9. g4 $6 Ne7 10. g5 Nh5 11. Rg1 c5 12. Qd2 cxd4 13. Nxd4 e5 14. Nf3 Nxf4 15.
Bxf4 exf4 16. O-O-O Be6 17. Qxf4 Bxc3 18. bxc3 Rc8 19. Qxd6 Qxd6 20. Rxd6 Rxc3
21. Kd2 Rc6 22. Rd3 Rc5 $15 {[%csl Ra2,Rc2,Re4] _|_,ק,Shirov,A-Hansen,C/Biel/
1992/}) (8. Qd3 b6 9. O-O-O Bb7 10. a3 Ne7 11. Ng5 h6 12. Nh3 Qc8 13. g4 c5 14.
dxc5 bxc5 15. Qxd6 Nxe4 16. Nxe4 Bxe4 17. Qxe7 Bxh1 18. Qxc5 (18. Rxh1 Re8 19.
Qxc5 Qb7 $40) 18... Bd5 19. Qxc8 Rfxc8 20. c3 a5 21. Bd4 Bb3 22. Rd2 Rd8 23.
Bxg7 Kxg7 $17 {Westerinen,H-Kindermann,S/Wiesbaden/1981/}) 8... Ne7 9. Bf2 (9.
O-O-O b6 10. h4 Bb7 11. h5 Nxe4 12. Nxe4 Bxe4 13. Ng5 Bxg2 14. Rh2 Bb7 15. hxg6
hxg6 16. Ba6 Bd5 17. c4 f6 18. cxd5 fxg5 19. dxe6 d5 20. Rdh1 Qd6 21. fxg5 Qxe6
22. Bf4 Qc6+ 23. Kb1 b5 24. Qe2 Rxf4 25. Qxe7 Rf7 26. Qe3 Rb8 27. Qh3 Kf8 28.
Bc8 Qc4 29. Be6 Rf4 {0-1,Chandler,M-Nijboer,F/London Lloyds/1992/}) 9... b6 10.
e5 Nfd5 11. Ne4 f5 12. Neg5 h6 13. Nh3 dxe5 14. fxe5 b5 $1 15. Bxb5 g5 16. Nhg1
Rb8 17. Bc4 Ng6 18. h4 g4 19. h5 Nge7 20. Nh4 Rxb2 21. Bb3 c5 22. O-O-O c4 23.
Bxc4 Rb4 24. Bb3 Qa5 25. Kb2 Ba6 26. a3 Rxb3+ 27. cxb3 Qb5 $44 {Wahls,M-Belov,
I/Hamburg op/1995/}) 8. dxe5 $1 (8. fxe5 dxe5 9. d5 Ne7 10. O-O Ng4 11. Bc5 b6
12. Nd2 bxc5 13. Bxg4 Bxg4 14. Qxg4 c6 15. d6 $1 Qxd6 16. Rad1 Qd4+ 17. Kh1 $44
{Van der Wiel,J-McNab,C/Marbella zt-A/1982/}) 8... dxe5 9. Qxd8 Rxd8 10. fxe5
Ng4 11. Bg5 Rd7 12. Nd5 h6 (12... Ngxe5 13. O-O-O Nxf3 14. Bxf3 Ne5 $6 (14...
h6 15. Nf6+ Bxf6 16. Bxf6 $16 {[%csl Gf3,Gf6] _|_@^^}) 15. Nxc7 $1 Rb8 (15...
Rxc7 16. Rd8+ Bf8 17. Bh6 Nd7 18. Rd1 $18) 16. Nd5 Kf8 17. Be2 h6 18. Bh4 g5
19. Bg3 Rd6 20. Ne3 Rxd1+ 21. Rxd1 Be6 22. Ng4 Bxg4 23. Bxg4 Re8 24. Bf5 Bf6
25. Rd5 $18 {Bellin,R-Ludgate,A/BCF-ch Clacton On Sea/1974/}) 13. Nf6+ $5 $146
(13. Bh4 Ngxe5 14. Nxe5 Bxe5 15. O-O-O Kg7 16. Rdf1 Nd4 17. Bd1 Ne6 18. Bg4 Rd6
19. Be7 Rc6 20. Nb4 Rc4 21. Nd3 Bd4 22. b3 Be3+ 23. Kb1 Rxe4 24. Bf6+ Kg8 25.
Bf3 Rf4 26. Nxf4 Bxf4 27. Rd1 $16 {Beliavsky,A-Cekro,E/Sarajevo/1982/}) 13...
Nxf6 (13... Bxf6 14. Bxf6 Nd4 15. Bd3 $5 $16) 14. Bxf6 Nb4 (14... Bxf6 15. exf6
Rd6 16. e5 Re6 17. O-O-O $1 (17. Bc4 Re8 18. O-O-O Bg4 $13) 17... Re8 (17...
Nxe5 18. Nxe5 Rxe5 19. Rd8+ Kh7 20. Bc4 $18) 18. Rd2 (18. h3 Bf5 $5) 18... Bg4
19. Rhd1 $16) 15. Kf2 $1 Nxc2 16. Rac1 Nb4 17. Bc4 {[%cal Re5e6] @,/\e6} Nd3+
$5 {Loses more time with his N, but there was hardly a better choice.} (17...
c6 18. e6 (18. Rhd1 b5 $132) 18... Bxf6 19. exd7 Bxd7 20. a3 Na6 21. e5 $16) (
17... Bxf6 18. exf6 {[%cal Rf3e5] /\Ne5+-}) 18. Bxd3 Rxd3 19. Bxg7 (19. Rxc7 $5
$16) 19... Kxg7 20. Rxc7 {[%csl Ge4,Ge5] The extra pawn, although doubled,
gives White a considerable advantage and leaves Black fighting desperately for
a draw.} Be6 $1 21. Rhc1 $1 (21. Rxb7 $6 Rc8 $1 22. Rxa7 Rc2+ 23. Kg3 g5 $40)
21... Bxa2 22. Rxb7 a5 23. Ke2 Rad8 (23... Rb3 24. Rxb3 Bxb3 25. Nd4 $16) 24.
Ra1 (24. Ra7 Rb3 25. Rc2 Rdb8 26. Rxa5 Bb1 $10) 24... Bc4 25. Kf2 R8d7 26. Rb8
(26. Rxd7 Rxd7 27. Rxa5 $6 Rb7 $14) 26... Ra7 (26... Rd8 $142 $5 27. Rb6 $5 $16
(27. Rxd8 Rxd8 28. Ra4 Be6 29. Nd4 Rb8 $14)) 27. Ra4 Bb3 28. Rd4 $1 Rxd4 29.
Nxd4 {[%cal Rd4b5,Rb5d6,Rd6e8,Re8f6] White has managed to exchange his
opponent's active R and prevent an immediate exchange of the Q-side pawns. In
connection with his more active pieces and possible mating threats 
(Nb5-d6-e8-f6) this decides the game.} Ba2 (29... Be6 $2 30. Nb5 Re7 31. Nd6
$40) 30. Nb5 Re7 31. Nc3 Bc4 (31... Be6 32. Rb5 (32. Ke3 $5 {[%cal Re3d4,Rc3d5]
/\Kd4,Nd5+-}) 32... Ra7 33. Nd5 a4 34. Nf6 $16 (34. Rb8 Ra5 $1 $132)) 32. Ke3
$5 Bf1 (32... Rxe5 $2 33. Kd4 $18) 33. Kf2 (33. Kd4 Bxg2 34. Nd5 Rd7 35. Ra8
Rb7 36. Nf6 h5 $13) 33... Bc4 34. Rc8 Be6 35. Rc5 Rb7 36. Rb5 Rxb5 $2 (36...
Ra7 $142 $8 37. Nd5 a4 38. Nf6 $5 Ra8 39. g4 $16) 37. Nxb5 $18 {[%csl Ra5]
[%cal Re3b6] The exchange of R simplifies White's task considerably, as Black
will have absolutely no counterplay against White's pawns.  Hecht: [#] guter
wS + aktiver wK, Raum, schwarze B-Schwäche a5} Kf8 38. Ke3 Ke7 39. Kd4 Kd7 40.
Kc5 {[%csl Ra5][%cal Rb5d4,Rc5b5] /\Nd4,Kb5,><a5} Bb3 41. Nd4 Bd1 (41... Ba2
42. Kb5 $18 (42. Kb5 Bb1 43. Kxa5 Bxe4 44. g3 Kc7 45. Kb5 Kb7 46. Kc5 Kc7 47.
b4 $18)) 42. Kd5 a4 43. e6+ $1 fxe6+ 44. Ke5 Bb3 (44... Bg4 45. h3 Bd1 46. Nxe6
Kc6 47. Kd4 Kd6 48. Nc5 $18) 45. Nxb3 $1 (45. Nxb3 axb3 46. Kf6 (46. Kd4 Kd6
47. e5+ Kc6 48. Kc4 $18) 46... Kd6 47. e5+ Kd5 48. g4 $22 $18) 1-0